| 000 | 00735nam a2200241Ia 4500 | ||
|---|---|---|---|
| 003 | OSt | ||
| 005 | 20220923212033.0 | ||
| 006 | a|||||r|||| 00| 0 | ||
| 007 | ta | ||
| 008 | 220922b |||||||| |||| 00| 0 hin d | ||
| 024 | _a150,126 | ||
| 037 | _cTextual | ||
| 040 |
_aARTS _cARTS _bhin |
||
| 041 |
_2hin _ahin |
||
| 082 | _a4(P152).N, 152N6 | ||
| 100 | _aशर्मा, बेला रानी | ||
| 245 | 0 | _aआधुनिक पत्रकारिता एक नजर | |
| 246 | _aĀdhunik patrakāritā ek najara | ||
| 260 |
_aubZ _bfnYyh] _c1996 |
||
| 300 |
_a11]171पृ. _ccm. |
||
| 942 |
_h4(P152).N, 152N6 _cTEXL _2CC |
||
| 999 |
_c305806 _d305806 |
||